Sports Quiz

Random Sports or MLB Quiz

MLB All-Star Shortstops (NL) Quiz Stats

 Plays Quiz Updated Jul 19, 2018

Challenge
Share
Tweet
Embed
Score 0/89 Timer 10:00
1 Play Today
Year Name % Correct
1983Ozzie Smith
93.3%
1984Ozzie Smith
93.3%
1985Ozzie Smith
93.3%
1986Ozzie Smith
93.3%
1987Ozzie Smith
93.3%
1988Ozzie Smith
93.3%
1989Ozzie Smith
93.3%
1990Ozzie Smith
93.3%
1991Ozzie Smith
93.3%
1992Ozzie Smith
93.3%
1994Ozzie Smith
93.3%
2014Troy Tulowitzki
84.9%
1993Barry Larkin
83.2%
1995Barry Larkin
83.2%
1996Barry Larkin
83.2%
1999Barry Larkin
83.2%
2000Barry Larkin
83.2%
2008Hanley Ramirez
79.6%
2009Hanley Ramirez
79.6%
2011Troy Tulowitzki
79.3%
2016Addison Russell
77%
2013Troy Tulowitzki
76.6%
2010Hanley Ramirez
75.9%
2007Jose Reyes
75.4%
2002Jimmy Rollins
74.6%
1955Ernie Banks
71.8%
1958Ernie Banks
71.8%
1959 (1)Ernie Banks
71.8%
1959 (2)Ernie Banks
71.8%
1960 (1)Ernie Banks
71.8%
Year Name % Correct
1960 (2)Ernie Banks
71.8%
2018Brandon Crawford
63.3%
2003Edgar Renteria
58.2%
2004Edgar Renteria
58.2%
2006Edgar Renteria
58.2%
1975Dave Concepcion
56.4%
1976Dave Concepcion
56.4%
1977Dave Concepcion
56.4%
1981Dave Concepcion
56.4%
1982Dave Concepcion
56.4%
2012Rafael Furcal
55%
1948Pee Wee Reese
53.2%
1949Pee Wee Reese
53.2%
1953Pee Wee Reese
53.2%
2017Zack Cozart
44.6%
2015Jhonny Peralta
44%
1980Bill Russell
41.5%
1974Larry Bowa
40.1%
1978Larry Bowa
40.1%
1979Larry Bowa
40.1%
2005David Eckstein
39.8%
1997Jeff Blauser
33.1%
2001Rich Aurilia
31.8%
1961 (1)Maury Wills
31.6%
1961 (2)Maury Wills
31.6%
1965Maury Wills
31.6%
1962 (1)Dick Groat
25.2%
1962 (2)Dick Groat
25.2%
1963Dick Groat
25.2%
1964Dick Groat
25.2%
Year Name % Correct
1971Bud Harrelson
22.3%
1968Don Kessinger
22.3%
1969Don Kessinger
22.3%
1972Don Kessinger
22.3%
1970Don Kessinger
22.3%
1998Walt Weiss
19.3%
1943Marty Marion
17.3%
1944Marty Marion
17.3%
1946Marty Marion
17.3%
1947Marty Marion
17.3%
1950Marty Marion
17.3%
1935Arky Vaughan
16.2%
1939Arky Vaughan
16.2%
1940Arky Vaughan
16.2%
1941Arky Vaughan
16.2%
1934Travis Jackson
15.5%
1973Chris Speier
12.7%
1951Alvin Dark
9.9%
1954Alvin Dark
9.9%
1967Gene Alley
9.7%
1936Leo Durocher
9.1%
1938Leo Durocher
9.1%
1956Roy McMillan
7.9%
1957Roy McMillan
7.9%
1966Leo Cardenas
7.1%
1952Granny Hamner
7%
1942Eddie Miller
4.8%
1933Dick Bartell
3.9%
1937Dick Bartell
3.9%

You're not logged in!

Compare scores with friends on all Sporcle quizzes.
OR
Log In

You Might Also Like...

Show Comments

Extras

Top Quizzes Today


Score Distribution

Your Account Isn't Verified!

In order to create a playlist on Sporcle, you need to verify the email address you used during registration. Go to your Sporcle Settings to finish the process.

Report this User

Report this user for behavior that violates our Community Guidelines.

Details: